Countries With 'U' Quiz Stats

 Plays Quiz Updated Nov 15, 2018

Support Sporcle.
Go Orange.
Score 0/59 Timer 07:00
1 Play Today
Country % Correct
United States of America
96%
United Kingdom
95%
Australia
91.1%
Uruguay
91%
Austria
88%
Russia
86.4%
Paraguay
82.5%
Uzbekistan
82.2%
Uganda
82.1%
Turkey
82%
South Africa
81.2%
United Arab Emirates
80.7%
South Korea
78.9%
Sudan
78%
Ukraine
78%
Peru
76.1%
South Sudan
75.3%
Portugal
75.2%
Guinea
75.2%
Cuba
74.3%
Venezuela
73.9%
Turkmenistan
71.9%
Hungary
71.5%
Democratic Republic of the Congo
71.4%
Belgium
70.4%
Guyana
70%
Luxembourg
69.8%
Bulgaria
69%
Saudi Arabia
68.4%
Guatemala
68.1%
Country % Correct
Honduras
67.8%
Guinea-Bissau
67.6%
Lithuania
67.1%
Ecuador
67%
Papua New Guinea
66.8%
Republic of the Congo
66.4%
Belarus
65.4%
Equatorial Guinea
65.3%
Vanuatu
64.6%
Tuvalu
64.2%
Suriname
63.5%
Bhutan
62.3%
Nicaragua
61.4%
Mauritania
61.4%
Burundi
61%
Antigua and Barbuda
60.3%
Mauritius
59.6%
Tunisia
59.4%
Nauru
59.1%
Kuwait
58.7%
Palau
58.6%
Central African Republic
58.4%
Dominican Republic
58.2%
Cyprus
58%
Djibouti
55.6%
Burkina Faso
54%
Brunei
53.2%
Saint Lucia
48.5%
Mozambique
47%

From the Vault

4 Letter Words in 2010s Songs

by AwesumJuan

Music 4m
Do those words tend to get bleeped on the radio edits?
Remove Ads.
Support Sporcle.
Get the best of Sporcle when you Go Orange. This ad-free experience offers more features, more stats, and more fun while also helping to support Sporcle. Thank you for becoming a member.

Show Comments

Extras

Top Quizzes Today


Score Distribution

Your Account Isn't Verified!

In order to create a playlist on Sporcle, you need to verify the email address you used during registration. Go to your Sporcle Settings to finish the process.

Report this User

Report this user for behavior that violates our Community Guidelines.

Details: